Juegos de Comunicación

Salvato in:
Dettagli Bibliografici
Autore principale: Simonetti Bagnara, Franco (Autore)
Natura: Libro
Lingua:spagnolo
Pubblicazione: Santiago Universidad Católica de Chile 2003
Edizione:1a. ed
Serie:Lecciones
Soggetti:
Tags: Aggiungi Tag
Nessun Tag, puoi essere il primo ad aggiungerne!!

MARC

LEADER 00000cam a2200000 a 4500
001 UCL7009
003 CL-VaPUC
008 040423e20030000CL |||||||||||||||||spa|d
020 |a 9561406985 
082 0 4 |a 302.2  |b SIM  |2 21 
100 0 |a Simonetti Bagnara, Franco  |e author  |9 484720 
245 1 0 |a Juegos de Comunicación 
250 |a 1a. ed 
300 |a 287 p 
942 |c BK 
945 |d 20040423 00:00:00  |a cmena 
260 |a Santiago  |b Universidad Católica de Chile  |c 2003 
650 0 |a Comunicación   |9 257251 
650 7 |a COMUNICACION HUMANA  |2 CL-VaPUC  |9 373516 
650 0 |a Proceso de comunicación   |9 332060 
650 7 |a PSICOLOGIA DE LA COMUNICACION  |2 CL-VaPUC  |9 332059 
583 |a last modification  |c 20161117 05:56:40  |k Rodrigo Vera 
490 0 |a Lecciones 
999 |c 308879  |d 308877 
952 |0 0  |1 0  |4 0  |6 302_200000000000000_SIM_2003  |7 0  |8 A  |9 375797  |a BIBEDU  |b BIBEDU  |d 2019-11-21  |i 3988759  |o 302.2 SIM 2003  |p 3988759  |r 2019-11-21  |w 2019-11-21  |y BK  |k EBA 
952 |0 0  |1 0  |4 0  |6 302_200000000000000_SIM_2003  |7 0  |8 A  |9 375798  |a BIBCUR  |b BIBCUR  |d 2019-11-21  |i 4192869  |l 1  |o 302.2 SIM 2003  |p 4192869  |r 2025-04-22  |s 2024-09-16  |w 2019-11-21  |y BK  |k PER